| 000 | 00551nam a2200169Ia 4500 | ||
|---|---|---|---|
| 001 | 61720 | ||
| 008 | 170325n ii |||gr||||Z||||||465 | ||
| 082 | _a36 | ||
| 100 |
_aGogoi, Bhuban, _eAuthor., |
||
| 245 | 0 |
_aFlood hazards in Assam and impact of flood on human occupnace: a case study in Sadiya Region, Assam _cby Bhuban Gogoi _hTextual Documents |
|
| 260 |
_aDibrugarh: _bKaustabh Prakashan. |
||
| 300 |
_a288p: _c21cm. |
||
| 653 | _aSociology | ||
| 653 | _aFlood, Natural disaster, Natural calamities | ||
| 653 | _aG-Sociology | ||
| 942 |
_2ddc _cBK |
||
| 999 |
_c62829 _d62829 |
||